Las plantas forrajeras indígenas y cultivadas de la República Argentina primera contribución.
Guardado en:
| Autor Corporativo: | |
|---|---|
| Otros Autores: | , , |
| Formato: | Libro |
| Idioma: | Spanish |
| Publicado: |
Buenos Aires :
Talleres Jacobo Peuser,
1923.
|
| Materias: | |
| Acceso en línea: | Acceso a texto completo |
| Etiquetas: |
Agregar Etiqueta
Sin Etiquetas, Sea el primero en etiquetar este registro!
|
| LEADER | 01254nam a2200229 a 4500 | ||
|---|---|---|---|
| 001 | EEA.libagro011274 | ||
| 008 | 201013s1923####ag#a####s#####000#0#spa#d | ||
| 005 | 20201121192035.0 | ||
| 245 | 1 | 0 | |a Las plantas forrajeras indígenas y cultivadas de la República Argentina |h [recurso electrónico] : |b primera contribución. |
| 260 | |a Buenos Aires : |b Talleres Jacobo Peuser, |c 1923. | ||
| 300 | |a 1 recurso electrónico (v. sin paginar) | ||
| 505 | 0 | |a Prólogo / por L. Hauman -- Prefacio / por Dr. F. Reichert -- Introducción e investigación química de las forrajeras / por los doctores Federico Reichert y Rogelio A. Trelles -- Contribución botánica / por el ingeniero agrónomo Lorenzo R. Parodi. | |
| 538 | |a Modo de acceso: World Wide Web. | ||
| 500 | |a Título tomado de www.biodiversitylibrary.org (visto el 13 de octubre de 2020). | ||
| 700 | 1 | |a Hauman, Lucien, |d 1880-1965. | |
| 700 | 1 | |a Reichert, Federico. | |
| 700 | 1 | |a Parodi, Lorenzo R. |q (Lorenzo Raimundo), |d 1895-1966. | |
| 710 | 2 | |a Universidad de Buenos Aires. |b Facultad de Agronomía y Veterinaria. | |
| 650 | 7 | |a Gramineas |z Argentina |2 agrovoc | |
| 650 | 7 | |a Gramíneas forrajeras |2 agrovoc | |
| 655 | 4 | |a Libros electrónicos | |
| 856 | 4 | 0 | |3 Acceso a texto completo |u https://doi.org/10.5962/bhl.title.163804 |
